Monetary and fiscal coordination in small open economies

Salvato in:
Dettagli Bibliografici
Autore principale: Worrell, DeLisle
Natura: Libro
Lingua:inglese
Pubblicazione: Washington International Monetary Fund 2000
Serie:IMF Working Paper WP/00/56
Soggetti:
Tags: Aggiungi Tag
Nessun Tag, puoi essere il primo ad aggiungerne!!

MARC

LEADER 00000nam a2200000 4500
001 c124202
005 20221221083006.2
041 0 |a eng 
044 |a US 
245 1 0 |a Monetary and fiscal coordination in small open economies  |c DeLisle Worrell 
264 1 |a Washington  |b International Monetary Fund  |c 2000 
300 |a 28 s. 
490 1 |a IMF Working Paper  |v WP/00/56 
830 0 |a IMF Working Paper  |v WP/00/56 
610 2 0 |a koordinácia 
610 2 0 |a politika fiškálna 
610 2 0 |a politika menová 
610 2 0 |a hospodárstvo otvorené 
100 1 |a Worrell, DeLisle